|
|
|
|
| LEADER |
00000nam a22000004a 4500 |
| 001 |
AR-BbUGT5132 |
| 003 |
AR-BbUGT |
| 005 |
20210513171358.0 |
| 007 |
ta |
| 008 |
151013t1997 ag |0|||0|spa d |
| 999 |
|
|
|c 12310
|d 12310
|
| 020 |
|
|
|a 950-9725-45-5-(VOL.
|
| 040 |
|
|
|a AR-BbUGT
|b spa
|c AR-BbUGT
|
| 082 |
0 |
4 |
|a 578.751
|
| 100 |
1 |
|
|a Lahitte, Héctor Blas.
|
| 245 |
1 |
0 |
|a Biota Rioplatense:
|b inventario temático de la biota de la región del Delta del Paraná, Isla Martín García y Ribera Platense /
|c colección planeada y dirigida por Héctor B. Lahitte y Julio A. Hurrell.
|
| 260 |
|
|
|a Buenos Aires :
|b L.O.L.A,
|c 1997.
|
| 300 |
|
|
|a v.
|
| 500 |
|
|
|a La biblioteca posee los volúmenes VI y VII.
|
| 505 |
0 |
0 |
|t Volumen VI. Árboles urbanos 2 /
|r Juan José Valla ... [et al.]
|
| 505 |
0 |
0 |
|t Volumen VII. Leguminosas : nativas y exóticas /
|r Emilio A. Ulibarri
|
| 650 |
|
|
|a Plantas
|
| 651 |
|
4 |
|a Delta del Río Paraná (Argentina)
|9 699
|
| 651 |
|
4 |
|a Isla Martín García (Argentina)
|9 700
|
| 651 |
|
4 |
|a Río de la Plata (Argentina-Uruguay)
|9 434
|
| 653 |
|
|
|a Inventario Biótico
|
| 653 |
|
|
|a Patrimonio Biótico
|
| 653 |
|
|
|a Botánica
|
| 653 |
|
|
|a Plantas
|
| 653 |
|
|
|a Flora
|
| 700 |
1 |
|
|a Hurrell, Julio Alberto.
|
| 942 |
|
|
|c BK
|h 578.751
|i L183
|2 ddc
|6 578_751000000000000_L183
|
| 942 |
|
|
|c BK
|h 578.751
|i L183
|2 ddc
|